BSOP header

In the crucible of an asymmetrical war in Camarines Sur, 1942-1945 : (Record no. 32302)

MARC details
000 -LEADER
fixed length control field 01107nam a2200241 4500
008 - FIXED-LENGTH DATA ELEMENTS--GENERAL INFORMATION
fixed length control field 080924s2007 ph ab b f000 0 eng
020 ## - INTERNATIONAL STANDARD BOOK NUMBER
International Standard Book Number 9715382053
020 ## - INTERNATIONAL STANDARD BOOK NUMBER
International Standard Book Number 9789715382052 :Php240
090 ## - LOCALLY ASSIGNED LC-TYPE CALL NUMBER (OCLC); LOCAL CALL NUMBER (OCLC)
Classification number (OCLC) (R) ; Classification number, CALL (RLIN) (NR) DS686.4
Local cutter number (OCLC) ; Book number/undivided call number, CALL (RLIN) B27
-- 2007
100 1# - MAIN ENTRY--PERSONAL NAME
Personal name Barrameda, Jose V.
245 10 - TITLE STATEMENT
Title In the crucible of an asymmetrical war in Camarines Sur, 1942-1945 :
Remainder of title the story of the Tangcong Vaca Guerrilla Unit /
Statement of responsibility, etc Jose V. Barrameda, Jr.
260 ## - PUBLICATION, DISTRIBUTION, ETC. (IMPRINT)
Place of publication, distribution, etc [Manila, Philippines] :
Name of publisher, distributor, etc National Historical Institute,
Date of publication, distribution, etc [c2007]
300 ## - PHYSICAL DESCRIPTION
Extent x, 307 p. :
Other physical details ill., maps ;
Dimensions 23 cm.
504 ## - BIBLIOGRAPHY, ETC. NOTE
Bibliography, etc Includes bibliographical references (p. 302-307)
610 24 - SUBJECT ADDED ENTRY--CORPORATE NAME
Corporate name or jurisdiction name as entry element Tangcong Vaca Guerilla Unit
General subdivision History.
650 #4 - SUBJECT ADDED ENTRY--TOPICAL TERM
Topical term or geographic name as entry element World War, 1939-1945
General subdivision Regimental histories
Geographic subdivision Philippines.
650 #4 - SUBJECT ADDED ENTRY--TOPICAL TERM
Topical term or geographic name as entry element World War, 1939-1945
General subdivision Underground movements
Geographic subdivision Philippines
-- Camarines Sur.
651 #4 - SUBJECT ADDED ENTRY--GEOGRAPHIC NAME
Geographic name Camarines Sur (Philippines)
General subdivision History.
651 #4 - SUBJECT ADDED ENTRY--GEOGRAPHIC NAME
Geographic name Philippines
General subdivision History
Chronological subdivision Japanese occupation, 1942-1945.
951 ## - EQUIVALENCE OR CROSS-REFERENCE-GEOGRAPHIC NAME/AREA NAME [OBSOLETE] [CAN/MARC only]
General subdivision 00036944
710 22 - ADDED ENTRY--CORPORATE NAME
Corporate name or jurisdiction name as entry element National Historical Institute (Philippines)
951 ## - EQUIVALENCE OR CROSS-REFERENCE-GEOGRAPHIC NAME/AREA NAME [OBSOLETE] [CAN/MARC only]
-- 32331
-- FILDS686.4/B27/2007
-- 080924172329295
-- 2000-12-21
-- FIL
Holdings
Withdrawn status Lost status Damaged status Not for loan Home library Current library Shelving location Date acquired Accession number Shelving control number Total Checkouts Full call number Barcode Date last seen Price effective from Koha item type
        BSOP Library BSOP Library Filipiniana 12/21/2000 32331 127   FILDS686.4/B27/2007 00036944 02/23/2013 02/23/2013 Books
BSOP

Biblical Seminary of the Philippines
  All rights Reserved
  © 2024

CONTACT INFORMATION

Biblical Seminary of the Philippines,
  77-B Karuhatan Road, Valenzuela City,
  PHILIPPINES 1441
  Phone: +632 8292-6795 / 8292-6798
  Fax : +632 8292-6675
  Email: library@bsop.edu.ph